Professional Development of English Teachers in Higher Education A Systematic Review /

Elmentve itt :
Bibliográfiai részletek
Szerzők: Qamariah Hijjatul
Hercz Mária
Dokumentumtípus: Cikk
Megjelent: 2026
Sorozat:INTERNATIONAL JOURNAL OF INSTRUCTION 19 No. 1
Tárgyszavak:
doi:10.29333/iji.2026.19126a

mtmt:36367052
Online Access:http://publicatio.bibl.u-szeged.hu/38627
LEADER 00766nab a2200217 i 4500
001 publ38627
005 20260109154531.0
008 260109s2026 hu o 000 eng d
022 |a 1694-609X 
024 7 |a 10.29333/iji.2026.19126a  |2 doi 
024 7 |a 36367052  |2 mtmt 
040 |a SZTE Publicatio Repozitórium  |b hun 
041 |a eng 
100 1 |a Qamariah Hijjatul 
245 1 0 |a Professional Development of English Teachers in Higher Education  |h [elektronikus dokumentum] :  |b A Systematic Review /  |c  Qamariah Hijjatul 
260 |c 2026 
300 |a 519-538 
490 0 |a INTERNATIONAL JOURNAL OF INSTRUCTION  |v 19 No. 1 
650 4 |a Oktatástudomány 
700 0 1 |a Hercz Mária  |e aut 
856 4 0 |u http://publicatio.bibl.u-szeged.hu/38627/1/iji_2026_1_26.pdf  |z Dokumentum-elérés